Qual è il segreto di papà?
Guardat en:
| Autor principal: | |
|---|---|
| Altres autors: | |
| Format: | Llibre |
| Idioma: | anglès |
| Publicat: |
Lecco
lo Stampatello
2011
|
| Etiquetes: |
Sense etiquetes, Sigues el primer a etiquetar aquest registre!
|
MARC
| LEADER | 00000nam a2200000 4500 | ||
|---|---|---|---|
| 005 | 20240710192832.0 | ||
| 008 | 240710b |||||||| |||| 00| 0 eng d | ||
| 020 | |a 9788890579936 | ||
| 040 | |c GP | ||
| 100 | |a Pardi, Francesca | ||
| 245 | |a Qual è il segreto di papà? | ||
| 260 | |a Lecco |b lo Stampatello |c 2011 | ||
| 700 | |a Guicciardini, Desideria | ||
| 942 | |2 ddc |c BK |n 0 | ||
| 952 | |0 0 |1 0 |2 ddc |4 0 |6 306_800000000000000_PAR |7 1 |9 1618 |a RM |b RM |d 2024-07-10 |l 0 |o 306.8 PAR |p 452 |r 2024-07-10 19:28:50 |w 2024-07-10 |y BK | ||
| 999 | |c 1437 |d 1437 | ||